000
00342nam a2200145Ia 4500
008
230718s9999 xx 000 0 und d
041
_a
Eng.
082
_a
346.41
_b
KHA-P
100
_a
Khan, Shaghir Ahmed
245
0
_a
Principles of Equity
260
_a
Pakistan
_b
Mansoor Book House
_c
2018
300
_a
216
650
_a
Law
999
_c
31878
_d
31878